[Event "Aspropyrgos op-A 1st"]
[Site "Aspropyrgos"]
[Date "2019.09.22"]
[Round "9"]
[White "Salahidou, Reveka"]
[Black "Sklavounos, Panayotis"]
[Result "1-0"]
[WhiteElo "1948"]
[BlackElo "1812"]
[PlyCount "71"]
[EventDate "2019.09.14"]
[EventType "swiss"]
[EventRounds "9"]
[EventCountry "GRE"]
[SourceTitle "CBM 195 Extra"]
[Source "ChessBase"]
[SourceDate "2020.05.31"]
[SourceVersion "1"]
[SourceVersionDate "2020.05.31"]
[SourceQuality "1"]

1. e4 c5 2. Nf3 a6 3. d4 cxd4 4. Nxd4 Nf6 5. Nc3 e5 6. Nb3 Bb4 7. Bd3 0-0 8. 0-0 d6 9. a4 Be6 10. Nd5 Bc5 11. Nxc5 dxc5 12. Bg5 Nbd7 13. c4 h6 14. Bh4 Bxd5 15. exd5 Qb6 16. Qc2 Rfe8 17. a5 Qd6 18. f3 Rab8 19. Bf2 b5 20. axb6 Rxb6 21. b3 Reb8 22. Rfb1 Nh5 23. g3 Nhf6 24. Ra3 Ne8 25. Be1 g6 26. Bd2 h5 27. f4 f5 28. fxe5 Qxe5 29. Re1 Qd4+ 30. Be3 Qf6 31. Bf4 Nd6 32. Re6 Qd4+ 33. Kg2 Re8 34. Qe2 Kf7 35. Bxd6 Rxd6 36. Rxe8 1-0

[Event "Aspropyrgos op-A 1st"]
[Site "Aspropyrgos"]
[Date "2019.09.21"]
[Round "8"]
[White "Agriopoulos, Konstantinos"]
[Black "Salahidou, Reveka"]
[Result "1-0"]
[WhiteElo "1925"]
[BlackElo "1948"]
[PlyCount "71"]
[EventDate "2019.09.14"]
[EventType "swiss"]
[EventRounds "9"]
[EventCountry "GRE"]
[SourceTitle "CBM 195 Extra"]
[Source "ChessBase"]
[SourceDate "2020.05.31"]
[SourceVersion "1"]
[SourceVersionDate "2020.05.31"]
[SourceQuality "1"]

1. d4 d5 2. Bf4 Nf6 3. e3 e6 4. Nd2 Nbd7 5. Ngf3 h6 6. c4 Nh5 7. Bg3 Nxg3 8. hxg3 dxc4 9. Bxc4 Nb6 10. Be2 Be7 11. Ne5 0-0 12. Rc1 c6 13. a3 a5 14. Bd3 Nd7 15. Ndf3 Bd6 16. Bb1 Qc7 17. Qc2 f5 18. Nc4 Be7 19. g4 Nb6 20. Nce5 Bf6 21. Ng6 Re8 22. Nfe5 a4 23. Ba2 Kh7 24. Rh5 Nd5 25. g5 Bxe5 26. Nxe5 Bd7 27. g4 Rf8 28. g6+ Kg8 29. g5 f4 30. e4 Ne7 31. gxh6 Qd6 32. hxg7 Kxg7 33. Rh7+ Kg8 34. Nxd7 Qxd7 35. Qc5 Rae8 36. Qh5 1-0

[Event "Aspropyrgos op-A 1st"]
[Site "Aspropyrgos"]
[Date "2019.09.18"]
[Round "5"]
[White "Kaforos, Dimitrios Alkis"]
[Black "Salahidou, Reveka"]
[Result "1-0"]
[WhiteElo "2219"]
[BlackElo "1948"]
[PlyCount "67"]
[EventDate "2019.09.14"]
[EventType "swiss"]
[EventRounds "9"]
[EventCountry "GRE"]
[SourceTitle "CBM 195 Extra"]
[Source "ChessBase"]
[SourceDate "2020.05.31"]
[SourceVersion "1"]
[SourceVersionDate "2020.05.31"]
[SourceQuality "1"]

1. e4 c5 2. Nf3 e6 3. d4 cxd4 4. Nxd4 a6 5. Bd3 Bc5 6. Nb3 Be7 7. Qg4 g6 8. Qe2 d6 9. 0-0 Nd7 10. Nc3 Kf8 11. f4 Qc7 12. f5 Kg7 13. Nd4 Ne5 14. Be3 Nf6 15. h3 Bd7 16. Qd2 h6 17. Rf2 Nc6 18. Raf1 Raf8 19. Bc4 Nxd4 20. Qxd4 e5 21. Qd3 b5 22. Bb3 b4 23. Nd5 Nxd5 24. Qxd5 Bc6 25. f6+ Kg8 26. fxe7 Bxd5 27. exf8Q+ Kxf8 28. Bxd5 f5 29. exf5 g5 30. f6 Qa5 31. Rd2 Rh7 32. f7 Rh8 33. Rf6 Ke7 34. Re6+ 1-0

[Event "GRE-chT 47th"]
[Site "Patras"]
[Date "2019.07.04"]
[Round "4.3"]
[White "Grapsa, Georgia"]
[Black "Salahidou, Reveka"]
[Result "1-0"]
[WhiteElo "2038"]
[BlackElo "1971"]
[PlyCount "91"]
[EventDate "2019.07.02"]
[EventType "team-swiss"]
[EventRounds "7"]
[EventCountry "GRE"]
[SourceTitle "CBM 191 Extra"]
[Source "ChessBase"]
[SourceDate "2019.09.30"]
[SourceVersion "1"]
[SourceVersionDate "2019.09.30"]
[SourceQuality "1"]
[WhiteTeam "Amo Galaxias"]
[BlackTeam "Chania OA"]
[WhiteTeamCountry "GRE"]
[BlackTeamCountry "GRE"]

1. d4 d5 2. Nf3 e6 3. c4 Nf6 4. g3 dxc4 5. Bg2 a6 6. 0-0 Be7 7. Ne5 Ra7 8. a4 0-0 9. Nc3 b6 10. e4 c6 11. Be3 Rb7 12. Nxc4 b5 13. axb5 axb5 14. Ne5 Qc7 15. Bf4 Qb6 16. d5 Rd8 17. Qb3 c5 18. Ra8 c4 19. Nxc4 bxc4 20. Qxb6 Rxb6 21. Rxb8 Rxb8 22. Bxb8 exd5 23. exd5 Bb7 24. Re1 Bb4 25. Bc7 Rd7 26. Be5 Bxc3 27. Bxc3 Bxd5 28. Bxf6 gxf6 29. Rd1 Be6 30. Rxd7 Bxd7 31. Kf1 Kf8 32. Ke2 Be6 33. Ke3 Ke7 34. Kd4 Kd6 35. Bf1 Bf5 36. Bxc4 Bg6 37. f4 h6 38. b4 Kc6 39. b5+ Kb6 40. Kd5 Bf5 41. Kd6 Bg4 42. Ke7 Kc5 43. Bxf7 Kxb5 44. Kxf6 Kc6 45. Kg7 h5 46. h4 1-0

[Event "GRE-ch U20 Girls"]
[Site "Chania"]
[Date "2018.04.13"]
[Round "6"]
[White "Salahidou, Reveka"]
[Black "Vozinaki, Anthi Maria"]
[Result "1-0"]
[WhiteElo "1962"]
[BlackElo "1954"]
[PlyCount "123"]
[EventDate "2018.04.10"]
[EventType "swiss"]
[EventRounds "9"]
[EventCountry "GRE"]
[SourceTitle "CBM 184 Extra"]
[Source "ChessBase"]
[SourceDate "2018.06.28"]
[SourceVersion "1"]
[SourceVersionDate "2018.06.28"]
[SourceQuality "1"]
[WhiteTeam "Greece"]
[BlackTeam "Greece"]
[WhiteTeamCountry "GRE"]
[BlackTeamCountry "GRE"]

1. e4 c5 2. Nf3 e6 3. d4 cxd4 4. Nxd4 Nf6 5. Nc3 d6 6. Be3 a6 7. Be2 Qc7 8. 0-0 b5 9. a3 Bb7 10. Bd3 Be7 11. f4 Nbd7 12. Qf3 0-0 13. f5 e5 14. Nde2 Rfe8 15. Ng3 Bc6 16. Rad1 Qb7 17. Be2 Rac8 18. Bd3 a5 19. Qe2 Rb8 20. Nh5 Nxh5 21. Qxh5 Nf6 22. Qh3 Kh8 23. Bg5 b4 24. axb4 axb4 25. Nd5 Bxd5 26. exd5 Qxd5 27. b3 Qc5+ 28. Be3 Qc6 29. Rfe1 e4 30. Bf1 Qxc2 31. Bc4 Qa2 32. Ra1 Qb2 33. Bxf7 Rf8 34. Be6 Qe5 35. Ra7 Rfe8 36. Bf7 Rec8 37. Be6 Re8 38. Rd1 Ra8 39. Bd4 Qb5 40. Bd7 Nxd7 41. Rxd7 Qxd7 42. Bxg7+ Kg8 43. Qg4 Kf7 44. Bb2 Rg8 45. Qh5+ Kf8 46. f6 Bxf6 47. Rf1 Qa7+ 48. Kh1 Rg6 49. Bxf6 Ke8 50. Qd5 Rxf6 51. Qg8+ Kd7 52. Qg7+ Kc6 53. Rc1+ Kb5 54. Qg5+ Kb6 55. Qxf6 Qd7 56. Qd4+ Ka6 57. Ra1+ Kb7 58. Qxb4+ Kc7 59. Rxa8 Qc6 60. Ra7+ Kc8 61. Qe1 d5 62. Rxh7 1-0

[Event "GRE-ch U20 Girls"]
[Site "Chania"]
[Date "2018.04.11"]
[Round "2"]
[White "Salahidou, Reveka"]
[Black "Pramateftaki, Loukia"]
[Result "1/2-1/2"]
[WhiteElo "1962"]
[BlackElo "1695"]
[PlyCount "120"]
[EventDate "2018.04.10"]
[EventType "swiss"]
[EventRounds "9"]
[EventCountry "GRE"]
[SourceTitle "CBM 184 Extra"]
[Source "ChessBase"]
[SourceDate "2018.06.28"]
[SourceVersion "1"]
[SourceVersionDate "2018.06.28"]
[SourceQuality "1"]
[WhiteTeam "Greece"]
[BlackTeam "Greece"]
[WhiteTeamCountry "GRE"]
[BlackTeamCountry "GRE"]

1. e4 c5 2. Nf3 Nc6 3. d4 cxd4 4. Nxd4 Nf6 5. Nc3 e5 6. Ndb5 d6 7. Bg5 a6 8. Na3 b5 9. Nd5 Be7 10. Bxf6 Bxf6 11. c4 b4 12. Nc2 a5 13. g3 0-0 14. h4 Be7 15. Bg2 Rb8 16. b3 Kh8 17. 0-0 f5 18. exf5 Bxf5 19. Nce3 Be6 20. Qd3 Nd4 21. f4 Nf5 22. Nxf5 Bxf5 23. Be4 Bxe4 24. Qxe4 Bf6 25. f5 Qd7 26. Rad1 Bd8 27. Kh2 Qa7 28. Rd2 Qc5 29. Kh3 Kg8 30. Ne3 Bb6 31. Rf3 Rf7 32. Rd5 Qc7 33. Ng4 Rbf8 34. Kg2 h5 35. Nf2 Qd7 36. Qd3 Rxf5 37. Rxf5 Rxf5 38. Ne4 Bc7 39. Nxd6 Bxd6 40. Rxd6 Qf7 41. Qd5 Rf2+ 42. Kg1 Qxd5 43. Rxd5 Rxa2 44. Rxe5 g6 45. c5 Rc2 46. c6 Rxc6 47. Rxa5 Rc3 48. Kg2 Rxb3 49. Ra7 Rb1 50. Rb7 b3 51. Kf2 b2 52. Kg2 Kf8 53. Kh2 Ke8 54. Kg2 Kd8 55. Kh2 Kc8 56. Rb3 Kc7 57. Kg2 Kc6 58. Kh2 Kc5 59. Kg2 Kd4 60. Rb8 Ke4 1/2-1/2

[Event "Heraklion Gazi op 13th"]
[Site "Heraklion"]
[Date "2017.08.03"]
[Round "7"]
[White "Galojan, Lilit"]
[Black "Salahidou, Reveka"]
[Result "1-0"]
[WhiteElo "2277"]
[BlackElo "1951"]
[PlyCount "81"]
[EventDate "2017.07.28"]
[EventType "swiss"]
[EventRounds "9"]
[EventCountry "GRE"]
[SourceTitle "CBM 179 Extra"]
[Source "ChessBase"]
[SourceDate "2017.08.23"]
[SourceVersion "1"]
[SourceVersionDate "2017.08.23"]
[SourceQuality "1"]

1. d4 Nf6 2. c4 c5 3. d5 b5 4. cxb5 a6 5. bxa6 Bxa6 6. Nc3 d6 7. g3 g6 8. Bg2 Bg7 9. Nf3 0-0 10. 0-0 Nbd7 11. Rb1 Nb6 12. b3 Qc7 13. Bb2 Rfb8 14. Ne1 Nbd7 15. Nc2 Ra7 16. Qd2 e6 17. Rfd1 e5 18. e4 Ne8 19. Bh3 Qd8 20. Bc1 Nc7 21. Ne3 Nb5 22. Nxb5 Bxb5 23. Qc2 Nb6 24. Bd2 Ra3 25. Bc1 Raa8 26. Re1 Qc7 27. a4 Be8 28. Bd2 Nd7 29. Nc4 Nf6 30. Bf1 Bd7 31. a5 Ne8 32. Nb6 f5 33. b4 fxe4 34. Nxa8 Rxa8 35. b5 Nf6 36. b6 Qb8 37. a6 Bf5 38. Be3 Kh8 39. a7 Qb7 40. Qa2 Bc8 41. Ba6 1-0

[Event "EU-ch U18 Girls 26th"]
[Site "Prague"]
[Date "2016.08.25"]
[Round "7"]
[White "Buiza Prieto, Eihartze"]
[Black "Salahidou, Reveka"]
[Result "0-1"]
[WhiteElo "2085"]
[BlackElo "1968"]
[PlyCount "82"]
[EventDate "2016.08.18"]
[EventType "swiss"]
[EventRounds "9"]
[EventCountry "CZE"]
[SourceTitle "CBM 174 Extra"]
[Source "ChessBase"]
[SourceDate "2016.10.10"]
[SourceVersion "1"]
[SourceVersionDate "2016.10.10"]
[SourceQuality "1"]

1. e4 c5 2. c3 d6 3. Nf3 a6 4. h3 g6 5. Bd3 e5 6. Bc2 Bg7 7. d3 Nc6 8. Nbd2 Nge7 9. Nf1 0-0 10. g4 b5 11. Ng3 d5 12. 0-0 h6 13. Be3 d4 14. Bd2 f5 15. exf5 gxf5 16. Nh2 f4 17. Ne4 Qb6 18. Bb3+ Kh7 19. Qf3 Nd8 20. cxd4 exd4 21. Rac1 Nb7 22. Rfe1 Ng6 23. Qe2 Bd7 24. Bd5 c4 25. dxc4 Rae8 26. Qd3 bxc4 27. Qxc4 Ne5 28. Qc7 Qg6 29. f3 Nd8 30. Nf2 Qg5 31. Be4+ Kh8 32. Kg2 Ne6 33. Qd6 Qh4 34. Nh1 Ng5 35. Qa3 Qxh3+ 36. Kg1 d3 37. Rf1 Nexf3+ 38. Bxf3 Bd4+ 39. Rf2 Nxf3+ 40. Nxf3 Qxg4+ 41. Kh2 Qh3+ 0-1

[Event "Heraklion Gazi op 12th"]
[Site "Malevizi"]
[Date "2016.08.01"]
[Round "5"]
[White "Salahidou, Reveka"]
[Black "Gevorgyan, Maria"]
[Result "0-1"]
[WhiteElo "1932"]
[BlackElo "2218"]
[PlyCount "82"]
[EventDate "2016.07.28"]
[EventType "swiss"]
[EventRounds "9"]
[EventCountry "GRE"]
[SourceTitle "CBM 173 Extra"]
[Source "ChessBase"]
[SourceDate "2016.08.29"]
[SourceVersion "1"]
[SourceVersionDate "2016.08.29"]
[SourceQuality "1"]

1. e4 e5 2. Nf3 Nf6 3. Bc4 Nc6 4. 0-0 Be7 5. Re1 0-0 6. d3 d6 7. c3 Bg4 8. Nbd2 Qd7 9. Bb5 a6 10. Bxc6 Qxc6 11. Nf1 h6 12. Ng3 Rae8 13. h3 Bc8 14. d4 Bd8 15. Qd3 b6 16. b3 Qa8 17. Nh2 d5 18. f3 c5 19. dxe5 Rxe5 20. Bf4 dxe4 21. fxe4 Re6 22. Re2 Rfe8 23. Rae1 Bb7 24. e5 Nd5 25. Bd2 Bg5 26. Nf5 Nf4 27. Bxf4 Bxf4 28. Nd6 R8e7 29. Nf5 Rc7 30. g3 Bg5 31. h4 Be7 32. Qc4 Qe8 33. Qf4 Qc6 34. Re4 g5 35. Qg4 Rxe5 36. Nxh6+ Kf8 37. Qh5 Bf6 38. Nf5 Rxe4 39. Qh6+ Kg8 40. Nf3 Rxe1+ 41. Nxe1 Qe6 0-1

[Event "GRE-chT 44th"]
[Site "Achaia"]
[Date "2016.07.06"]
[Round "3.10"]
[White "Douni, Aspasia"]
[Black "Salahidou, Reveka"]
[Result "0-1"]
[WhiteElo "1513"]
[BlackElo "1932"]
[PlyCount "60"]
[EventDate "2016.07.05"]
[EventType "team-swiss"]
[EventRounds "7"]
[EventCountry "GRE"]
[SourceTitle "CBM 173 Extra"]
[Source "ChessBase"]
[SourceDate "2016.08.29"]
[SourceVersion "1"]
[SourceVersionDate "2016.08.29"]
[SourceQuality "1"]
[WhiteTeam "Heraklion CN"]
[BlackTeam "Alexandroupolis Ethnikos"]
[WhiteTeamCountry "GRE"]
[BlackTeamCountry "GRE"]

1. Nf3 Nf6 2. d4 g6 3. g3 Bg7 4. Bg2 d6 5. 0-0 0-0 6. c4 Na6 7. Nc3 c5 8. Bd2 Bd7 9. Qb3 Qc8 10. Rac1 cxd4 11. Nxd4 Nc5 12. Qd1 Bh3 13. Nb3 Bxg2 14. Kxg2 h5 15. Nxc5 dxc5 16. e4 Qe6 17. Qe2 Rad8 18. f4 Rd7 19. e5 Qc6+ 20. Kg1 Ng4 21. Rce1 Rfd8 22. Bc1 Nh6 23. Nd5 Qe6 24. a3 Nf5 25. Be3 Qc6 26. b4 cxb4 27. axb4 b5 28. Bc5 bxc4 29. Ne3 Rd2 30. Qxc4 Nxe3 0-1

[Event "GRE-chT 44th"]
[Site "Achaia"]
[Date "2016.07.05"]
[Round "1.2"]
[White "Salahidou, Reveka"]
[Black "Drakaki, Anna Maria"]
[Result "1-0"]
[WhiteElo "1932"]
[BlackElo "1882"]
[PlyCount "93"]
[EventDate "2016.07.05"]
[EventType "team-swiss"]
[EventRounds "7"]
[EventCountry "GRE"]
[SourceTitle "CBM 173 Extra"]
[Source "ChessBase"]
[SourceDate "2016.08.29"]
[SourceVersion "1"]
[SourceVersionDate "2016.08.29"]
[SourceQuality "1"]
[WhiteTeam "Alexandroupolis Ethnikos"]
[BlackTeam "Nikaia Fysiolatris"]
[WhiteTeamCountry "GRE"]
[BlackTeamCountry "GRE"]

1. e4 c5 2. Nf3 d6 3. d4 cxd4 4. Nxd4 Nf6 5. Nc3 a6 6. Bg5 Nbd7 7. f4 Qc7 8. Qf3 b5 9. Bxf6 Nxf6 10. Bd3 Bb7 11. g4 g6 12. 0-0-0 Bg7 13. Rhf1 b4 14. Nce2 Nd7 15. Kb1 Rc8 16. f5 Ne5 17. Qg3 0-0 18. g5 Nxd3 19. Qxd3 Rfe8 20. Rc1 d5 21. Qh3 dxe4 22. f6 exf6 23. gxf6 Bf8 24. Rf4 Rcd8 25. Nf5 Bc8 26. Nh6+ Kh8 27. Qh4 e3 28. Rc4 Qb7 29. Nf4 Be6 30. Nxe6 Rxe6 31. Ng4 e2 32. Qe1 Qd5 33. b3 Qd2 34. Qxd2 Rxd2 35. Rc8 h5 36. Rxf8+ Kh7 37. Rxf7+ Kg8 38. Nh6+ Kh8 39. Rf8+ Kh7 40. f7 e1Q 41. Rh8+ Kxh8 42. f8Q+ Kh7 43. Nf7 g5 44. Nxg5+ Kg6 45. Nxe6 Qf2 46. Nf4+ Kh7 47. Qf7+ 1-0

[Event "GRE-ch U16 Girls"]
[Site "Kavala"]
[Date "2016.01.08"]
[Round "9"]
[White "Stratigi, Evangelia"]
[Black "Salahidou, Reveka"]
[Result "0-1"]
[WhiteElo "1531"]
[BlackElo "1926"]
[PlyCount "90"]
[EventDate "2016.01.02"]
[EventType "swiss"]
[EventRounds "9"]
[EventCountry "GRE"]
[SourceTitle "EXT 2024"]
[Source "ChessBase"]
[SourceDate "2023.10.10"]
[SourceVersion "1"]
[SourceVersionDate "2023.10.10"]
[SourceQuality "1"]

1. e4 c5 2. Nf3 e6 3. d4 cxd4 4. Nxd4 a6 5. Bd3 Bc5 6. Nb3 Ba7 7. Qe2 d6 8. Be3 Nf6 9. f4 Nc6 10. Nc3 0-0 11. Bxa7 Rxa7 12. 0-0-0 e5 13. f5 b5 14. g4 b4 15. Nb1 a5 16. g5 Ne8 17. h4 a4 18. N3d2 Nd4 19. Qg2 Ba6 20. Bxa6 Rxa6 21. Nf3 Nb5 22. Nxe5 Qc7 23. Nf3 b3 24. axb3 axb3 25. c3 Ra1 26. Qd2 Qa7 27. Qd3 Qa2 28. Rh2 Nec7 29. Kd2 Na3 30. Nxa3 Qxb2+ 31. Nc2 Rxd1+ 32. Kxd1 Ra8 33. Nd2 bxc2+ 34. Qxc2 Ra1+ 35. Nb1 Rxb1+ 36. Kd2 Qa1 37. Kd3 Nb5 38. Rd2 Rh1 39. Re2 Rc1 40. Qxc1 Qxc1 41. Rc2 Qd1+ 42. Rd2 Qf3+ 43. Kc2 Qxc3+ 44. Kd1 Nd4 45. h5 Qa1# 0-1

[Event "GRE-ch U16 Girls"]
[Site "Kavala"]
[Date "2016.01.03"]
[Round "3"]
[White "Salahidou, Reveka"]
[Black "Liapi Zenebisi, Filippa Areti"]
[Result "1-0"]
[WhiteElo "1926"]
[BlackElo "1670"]
[PlyCount "78"]
[EventDate "2016.01.02"]
[EventType "swiss"]
[EventRounds "9"]
[EventCountry "GRE"]
[SourceTitle "EXT 2024"]
[Source "ChessBase"]
[SourceDate "2023.10.10"]
[SourceVersion "1"]
[SourceVersionDate "2023.10.10"]
[SourceQuality "1"]

1. e4 c5 2. Nf3 e6 3. d4 cxd4 4. Nxd4 Nc6 5. Nc3 Qc7 6. f4 a6 7. Nxc6 Qxc6 8. Bd3 b5 9. Bd2 Bb7 10. Qe2 Be7 11. a3 Rc8 12. 0-0-0 Nf6 13. Kb1 b4 14. axb4 Bxb4 15. Nd5 Bxd2 16. Nxf6+ gxf6 17. Rxd2 Ke7 18. Rhd1 Rhg8 19. g4 h6 20. Rf1 Qa4 21. c4 Rc5 22. e5 fxe5 23. fxe5 Rg5 24. Qf2 Rcxe5 25. Qf6+ Ke8 26. h4 Qa5 27. Qxf7+ Kd8 28. Rfd1 Rxg4 29. Bc2 Qxd2 30. Rxd2 Re1+ 31. Ka2 Bc6 32. Qf8+ Kc7 33. Qd6+ Kb7 34. Qb4+ Kc7 35. Rf2 Rh1 36. Rf8 Bb7 37. Qa5+ Kd6 38. c5+ Kc6 39. Qb6+ Kd5 1-0

[Event "GRE-ch U18 Girls"]
[Site "Kavala"]
[Date "2015.01.06"]
[Round "7"]
[White "Petraki, Evaggelia"]
[Black "Salahidou, Reveka"]
[Result "0-1"]
[WhiteElo "1393"]
[BlackElo "1753"]
[PlyCount "96"]
[EventDate "2015.01.02"]
[EventType "swiss"]
[EventRounds "9"]
[EventCountry "GRE"]
[SourceTitle "EXT 2024"]
[Source "ChessBase"]
[SourceDate "2023.10.10"]
[SourceVersion "1"]
[SourceVersionDate "2023.10.10"]
[SourceQuality "1"]

1. e4 c5 2. Nf3 e6 3. d4 cxd4 4. Nxd4 a6 5. Bd3 g6 6. Be3 Bg7 7. Qd2 Ne7 8. Nc3 d6 9. h4 h5 10. Bc4 b5 11. Bb3 0-0 12. 0-0-0 Qc7 13. Nde2 Rd8 14. Bf4 e5 15. Bg5 Bb7 16. Nd5 Bxd5 17. Bxd5 Ra7 18. Be3 Nxd5 19. Bxa7 Qxa7 20. Qxd5 Qxf2 21. Nc3 b4 22. Rd2 Bh6 23. Na4 Qxg2 24. Rhd1 Bxd2+ 25. Rxd2 Qh1+ 26. Rd1 Qxh4 27. Rf1 Qe7 28. Nb6 Qc7 29. Nc4 Nc6 30. Rf6 Kg7 31. Rxd6 Rxd6 32. Nxd6 Kg8 33. Nxf7 Qxf7 34. Qxc6 a5 35. Qa8+ Kh7 36. Qxa5 Qf4+ 37. Kd1 Qxe4 38. a3 h4 39. axb4 Qf3+ 40. Kd2 Qf4+ 41. Kc3 h3 42. Qc7+ Kh6 43. Qc8 Qf3+ 44. Kc4 Kg5 45. Qd8+ Kg4 46. Qd7+ Kg3 47. Qe6 Qe4+ 48. Kc5 h2 0-1

[Event "GRE-ch U18 Girls"]
[Site "Kavala"]
[Date "2015.01.04"]
[Round "4"]
[White "Vasileiou, Aimilia"]
[Black "Salahidou, Reveka"]
[Result "0-1"]
[WhiteElo "1456"]
[BlackElo "1753"]
[PlyCount "82"]
[EventDate "2015.01.02"]
[EventType "swiss"]
[EventRounds "9"]
[EventCountry "GRE"]
[SourceTitle "EXT 2024"]
[Source "ChessBase"]
[SourceDate "2023.10.10"]
[SourceVersion "1"]
[SourceVersionDate "2023.10.10"]
[SourceQuality "1"]

1. d4 Nf6 2. c4 g6 3. Nc3 Bg7 4. Nf3 0-0 5. Bf4 d6 6. h3 c5 7. d5 Nh5 8. Bd2 e5 9. g4 Nf6 10. Qc2 a6 11. e4 Ne8 12. Bd3 Bd7 13. 0-0-0 b5 14. Rdg1 Qc8 15. Nh4 bxc4 16. Bxc4 Bb5 17. Bd3 Nd7 18. Be3 Bxd3 19. Qxd3 c4 20. Qd2 Nc5 21. Bxc5 Qxc5 22. Kc2 Rb8 23. Rb1 Nc7 24. Kd1 Nb5 25. Nxb5 Rxb5 26. Ke2 Rfb8 27. Rhc1 Rb4 28. Rc3 Qb5 29. Kf1 Bf6 30. Nf3 Bd8 31. Kg2 a5 32. Kg3 a4 33. a3 Rb3 34. Qc2 Rxc3 35. Qxc3 Ba5 36. Qc2 c3 37. Kg2 cxb2 38. Nd2 Bxd2 39. Qxd2 Qb3 40. Qe3 Qc2 41. Qe1 Rb3 0-1

[Event "EU-ch U16 Girls 24th"]
[Site "Batumi"]
[Date "2014.10.26"]
[Round "7"]
[White "Imanly, Magrura Mahammad"]
[Black "Salahidou, Reveka"]
[Result "1-0"]
[WhiteElo "1853"]
[BlackElo "1722"]
[PlyCount "67"]
[EventDate "2014.10.19"]
[EventType "swiss"]
[EventRounds "9"]
[EventCountry "GEO"]
[SourceTitle "EXT 2015"]
[Source "ChessBase"]
[SourceDate "2014.11.20"]
[SourceVersion "1"]
[SourceVersionDate "2014.11.20"]
[SourceQuality "1"]

1. e4 c5 2. Nc3 e6 3. g3 Nc6 4. Bg2 g6 5. f4 d6 6. Nf3 Bg7 7. 0-0 Nge7 8. d3 0-0 9. g4 f5 10. exf5 gxf5 11. g5 e5 12. h4 Rb8 13. h5 Be6 14. Ne2 Bf7 15. h6 Bh8 16. c3 Ng6 17. Kh1 c4 18. d4 e4 19. Nh2 b5 20. Ng3 Bd5 21. Be3 b4 22. Rf2 Qa5 23. Bh3 Nce7 24. Qd2 bxc3 25. bxc3 Be6 26. Kg1 Bc8 27. Nh5 Nd5 28. Nf1 Nh4 29. Rc1 Bd7 30. Kh1 Rb7 31. Qe2 Qa4 32. Nd2 Rc7 33. Bf1 Bb5 34. Ng3 1-0

[Event "EU-ch U16 Girls 24th"]
[Site "Batumi"]
[Date "2014.10.23"]
[Round "5"]
[White "Maasik, Liisa"]
[Black "Salahidou, Reveka"]
[Result "0-1"]
[WhiteElo "1521"]
[BlackElo "1722"]
[PlyCount "62"]
[EventDate "2014.10.19"]
[EventType "swiss"]
[EventRounds "9"]
[EventCountry "GEO"]
[SourceTitle "EXT 2015"]
[Source "ChessBase"]
[SourceDate "2014.11.20"]
[SourceVersion "1"]
[SourceVersionDate "2014.11.20"]
[SourceQuality "1"]

1. d4 Nf6 2. Nf3 c5 3. e3 g6 4. b3 Bg7 5. Bb2 0-0 6. Bd3 d5 7. 0-0 Qc7 8. Nbd2 cxd4 9. exd4 Nc6 10. a3 Nh5 11. Re1 Nf4 12. Nf1 Bg4 13. c3 e5 14. dxe5 Nxe5 15. Be2 Nxe2+ 16. Qxe2 Rae8 17. Ne3 Bxf3 18. gxf3 Qd7 19. f4 Nc6 20. Qg4 Qxg4+ 21. Nxg4 Na5 22. Ne5 Nxb3 23. Rad1 Rd8 24. c4 dxc4 25. Nxc4 Nd4 26. Bxd4 Bxd4 27. Rb1 Rc8 28. Ne3 b6 29. Nd5 Rc2 30. Ne3 Ra2 31. Rbd1 Bc3 0-1

[Event "EU-ch U16 Girls 24th"]
[Site "Batumi"]
[Date "2014.10.21"]
[Round "3"]
[White "Salahidou, Reveka"]
[Black "Drogovoz, Maria"]
[Result "0-1"]
[WhiteElo "1722"]
[BlackElo "2167"]
[PlyCount "45"]
[EventDate "2014.10.19"]
[EventType "swiss"]
[EventRounds "9"]
[EventCountry "GEO"]
[SourceTitle "EXT 2015"]
[Source "ChessBase"]
[SourceDate "2014.11.20"]
[SourceVersion "1"]
[SourceVersionDate "2014.11.20"]
[SourceQuality "1"]

1. e4 e6 2. d4 d5 3. Nc3 Nf6 4. Bg5 Be7 5. e5 Nfd7 6. h4 Nc6 7. Bxe7 Qxe7 8. a3 Nb6 9. Qg4 f6 10. Nf3 Bd7 11. 0-0-0 0-0 12. Bb5 f5 13. Qf4 Na5 14. Bd3 Nac4 15. h5 Rfd8 16. g4 fxg4 17. Qxg4 Rf8 18. Rh3 c5 19. Ne2 Kh8 20. Qg2 cxd4 21. Nexd4 Na4 22. Bxc4 dxc4 23. Ne2 0-1

[Event "EU-ch U16 Girls 24th"]
[Site "Batumi"]
[Date "2014.10.20"]
[Round "2"]
[White "Salahidou, Reveka"]
[Black "Vidic, Teja"]
[Result "0-1"]
[WhiteElo "1722"]
[BlackElo "1985"]
[PlyCount "116"]
[EventDate "2014.10.19"]
[EventType "swiss"]
[EventRounds "9"]
[EventCountry "GEO"]
[SourceTitle "EXT 2015"]
[Source "ChessBase"]
[SourceDate "2014.11.20"]
[SourceVersion "1"]
[SourceVersionDate "2014.11.20"]
[SourceQuality "1"]

1. e4 e5 2. Nf3 Nc6 3. Bb5 a6 4. Ba4 Nf6 5. 0-0 b5 6. Bb3 Bb7 7. d3 Be7 8. c3 0-0 9. Re1 d6 10. a4 Na5 11. Bc2 c5 12. Nbd2 Re8 13. Nf1 Bf8 14. Bg5 h6 15. Bd2 Nc6 16. Qc1 d5 17. exd5 Qxd5 18. c4 bxc4 19. Ne3 Qe6 20. Nxc4 Nd7 21. h3 Nd4 22. Nh2 Qg6 23. Ne3 f5 24. Bc3 f4 25. Neg4 h5 26. Bxd4 hxg4 27. Nxg4 cxd4 28. Bb3+ Kh8 29. Qd2 Nf6 30. f3 Nxg4 31. hxg4 Qb6 32. Qd1 Rad8 33. a5 Qd6 34. Kf2 Bd5 35. Ba4 Re6 36. g5 Rg6 37. Rh1+ Kg8 38. Rh5 Rb8 39. b3 Qb4 40. Rb1 Qd6 41. Qh1 Kf7 42. Rc1 Bxb3 43. Bxb3+ Rxb3 44. Rh8 Rc3 45. Rb1 Rc2+ 46. Kf1 Qc7 47. Qh3 Rxg5 48. Rh5 Rc1+ 49. Rxc1 Qxc1+ 50. Kf2 Qe3+ 51. Kf1 Qxd3+ 52. Kg1 Qe3+ 53. Kh2 Rxh5 54. Qxh5+ g6 55. Qg4 Qa3 56. Qd7+ Qe7 57. Qd5+ Qe6 58. Qb7+ Be7 0-1

[Event "Nikaia op 22nd"]
[Site "Nikaia"]
[Date "2014.08.28"]
[Round "3"]
[White "Salahidou, Reveka"]
[Black "Pappelis, Dimitrios"]
[Result "0-1"]
[WhiteElo "1754"]
[BlackElo "2073"]
[PlyCount "77"]
[EventDate "2014.08.26"]
[EventType "swiss"]
[EventRounds "9"]
[EventCountry "GRE"]
[SourceTitle "CBM 162 Extra"]
[Source "ChessBase"]
[SourceDate "2014.10.17"]
[SourceVersion "1"]
[SourceVersionDate "2014.10.17"]
[SourceQuality "1"]

1. e4 e5 2. Nf3 Nc6 3. Bb5 Nf6 4. d3 Bc5 5. 0-0 d6 6. c3 0-0 7. h3 a6 8. Ba4 b5 9. Bc2 a5 10. Re1 h6 11. Nbd2 Re8 12. Nf1 Bb6 13. Ng3 d5 14. Bd2 Be6 15. Qc1 dxe4 16. dxe4 Bc5 17. Nh4 Ng4 18. hxg4 Qxh4 19. Be3 Bxe3 20. Qxe3 Bxg4 21. Qc5 Re6 22. Bb3 Qe7 23. Qxb5 Rb8 24. Qc4 Qg5 25. Re3 Rf6 26. Ne2 h5 27. Qd3 h4 28. Rb1 Rd8 29. Bd5 Rdd6 30. Rf1 Ne7 31. c4 c6 32. c5 Rd7 33. Bxf7+ Kxf7 34. Qb3+ Be6 35. Qc3 Kg8 36. Qxa5 Ng6 37. Qa8+ Kh7 38. Qe8 Bg4 39. f3 0-1